1798 1102 1296 1277 1842 1550 1519 1692 1588 1851 1055 1428 1004 1522 1599 1347 1412 1016 1758 1165 1258 1209 1727 1477 1651 1798 1131 1208 1498 1875 1279 1493 1671 1400 1804 1027 1282 1838 1137 1323 1643 1494 1346 1911 1434 1941 1006 1405 1945 1105 1371 1810 1369 1663 1963 1294 1106 1380 1491 1296 1074 1639 1672 1758 1849 1364 1996 1874 1821 1870 1522 1389 1953 1080 1058 1369 1614 1214 1050 1902 1834 1120 1439 1193 1530 1043 1227 1680 1200 1623 1137 1393 1999 1037 1579 1950 1204 1242 1063 BCNSPRNW ULIB Ver.6.0+V

เปลี่ยนเป็นภาษาไทย

Change to English
 แสดงรายละเอียดบรรณานุกรม
  กลับหน้าหลัก

Brief Record : Get Marc (ISO 2709) : E-mail record : QR code < ปิดหน้าต่าง
LEADER : 00000nam 2200000uu 4500
001    13399115088
003     ULIB
008    120709s2550||||th 000 0 tha d
020    9789747362664
050    ^aBF637 ศ481ข 2550
100    ^aฐิตินาถ ณ พัทลุง
245    ^aเข็มทิศหัวใจ/^cฐิตินาถ ณ พัทลุง
250    ^aพิมพ์ครั้งที่ 5
260    ^aกรุงเทพฯ :^bโรงพิมพ์อักษรสัมพันธ์ (1987) จำกัด,^c2550
300    ^a203 หน้า :^bภาพประกอบ หน้า
650    ^aความสำเร็จแง่จิตวิทยา
945    ^p0^l0^i14472
999 ^a ใช้งานได้ทุกระบบ
รายการนี้ยังไม่มีแท็ก
คุณยังไม่ได้ล็อกอิน คุณสามารถมีกิจกรรมร่วมกับเว็บไซต์ได้ แต่ต้องล็อกอินก่อน ::
  ล็อกอิน

รายการสื่อสารสนเทศ

ลำดับที่ ประเภท เลขเรียก/บาร์โค้ด สถานที่ สถานะ
- ไม่พบข้อมูล -

รายการใกล้เคียง
    ผู้แต่ง [ฐิตินาถ ณ พัทลุง]

    หัวเรื่อง [ความสำเร็จแง่จิตวิทยา]

BibComment


ยังไม่เคยถูกคอมเมนท์

คอมเมนท์ทรัพยากรรายการนี้
  คอมเมนท์: เข็มทิศหัวใจ ฐิต..


 Copyright 2026. Bcnsprnw @Library